000 00297nam a2200121 i 4500
001 bg
245 0 0 _aXXII Meżdunarodnaja Konferencija po fizyke vysokich energii.
_nT.1.
260 _aMoskva,
_c1966.
040 _cBPK
041 _apol
942 _cKS
008 s pl f |000 0 pol
999 _c12653
_d12653
856 _uhttp://koha.tu.koszalin.pl/cgi-bin/koha/opac-detail.pl?biblionumber=12653
_yKatalog online BPK